Statistics, knowledge and policy key indicators to inform decision making

Salvato in:
Dettagli Bibliografici
Natura: Libro
Lingua:inglese
Pubblicazione: Paris OECD 2005
Soggetti:
Tags: Aggiungi Tag
Nessun Tag, puoi essere il primo ad aggiungerne!!

MARC

LEADER 00000nam$a2200000$$$4500
001 0038759
005 20240104134139.6
020 |a 92-64-00900-0 
041 0 |a eng 
044 |a FR 
245 1 0 |a Statistics, knowledge and policy  |b key indicators to inform decision making 
264 1 |a Paris  |b OECD  |c 2005 
300 |a 644 s. 
610 2 0 |a ukazovatele 
610 2 0 |a štatistika 
610 2 0 |a štatistika ekonomická 
610 2 0 |a ukazovatele ekonomické 
610 2 0 |a ukazovatele štatistické 
610 2 0 |a politika hospodárska 
610 2 0 |a politika